000 00494 a2200169 4500
999 _c2558
_d2558
020 _a9788131725863
050 _aHF5438.25
100 _aJobber, David
_eauthor
245 _aSelling and Sales Management /
_cDavid Jobber & Geoffrey Lancaster
250 _a7th ed.
264 _aNew York
_bPearson
_c2006
300 _a526p. :
_bill.
500 _aIncludes index
650 _aSelling.
_xSales management.
700 _aLancaster, Geoffrey
_eauthor
942 _2lcc
_cBK
_e7th ed.
_h5438.25
_iJOB
_kHF